Five-Letter Television (A-Z) Quiz Stats

 Plays Quiz Updated Sep 14, 2016

Challenge
Share
Tweet
Embed
Score 0/26 Timer 03:00
0 Plays Today
Clue Word % Correct
DeGeneres or PompeoEllen
96.4%
'_____ dabba doo!'Yabba
94.7%
Logical 'Star Trek' characterSpock
91%
Mork's housemateMindy
89%
'_____ and the Brain'Pinky
88%
'Dr. _____, Medicine Woman'Quinn
87.8%
'Oh, my God! They killed _____!'Kenny
86.7%
Dr. Frasier _____Crane
84%
'_____ Jackie'Nurse
82.8%
'La _____ Nikita'Femme
81%
'Family Guy' dogBrian
80.6%
'Book ’em, _____!'Danno
78.5%
Liz _____ (30 Rock)Lemon
78.3%
Clue Word % Correct
'Buffy the Vampire Slayer' spin-offAngel
75.1%
'The Muppet Show' daredevilGonzo
72.4%
_____ Leo (Seinfeld)Uncle
71.9%
Skeletor's arch enemyHe-Man
65%
Diego de la Vega alter egoZorro
62.6%
'Entourage' protagonistVince
62.2%
'Two of a Kind' twin sistersOlsen
61.4%
Mary-Louise Parker dark comedyWeeds
61.3%
Aaron Paul's 'Breaking Bad' characterJesse
55%
'The Jewel in the Crown' settingIndia
54.7%
'The _____ has spoken'Tribe
53.1%
'_____ & Martin's Laugh-In'Rowan
50.7%
Video games show (prev. Extended Play)X-Play
19%

You're not logged in!

Compare scores with friends on all Sporcle quizzes.
OR
Log In

You Might Also Like...

Show Comments

Extras

Top Quizzes Today


Score Distribution

Your Account Isn't Verified!

In order to create a playlist on Sporcle, you need to verify the email address you used during registration. Go to your Sporcle Settings to finish the process.

Report this User

Report this user for behavior that violates our Community Guidelines.

Details: